Introducción a la fenomenología de la religión

Պահպանված է:
Մատենագիտական մանրամասներ
Հիմնական հեղինակ: Martín Velasco, Juan de Dios (autor)
Ձևաչափ: Գիրք
Լեզու:իսպաներեն
Հրապարակվել է: Madrid Trotta 2006
Հրատարակություն:7a. ed
Շարք:Estructuras y Procesos. Serie Religión
Խորագրեր:
Ցուցիչներ: Ավելացրեք ցուցիչ
Չկան պիտակներ, Եղեք առաջինը, ով նշում է այս գրառումը!

MARC

LEADER 00000nam a2200000 a 4500
001 UCI3436
003 CL-VaPUC
008 071102e20060000SP |||||||||||||||||spa|d
020 |a 8481648337 
082 0 4 |a 200.1  |b MAR  |2 21 
100 |a Martín Velasco, Juan de Dios  |e autor  |9 581382 
245 1 0 |a Introducción a la fenomenología de la religión 
250 |a 7a. ed 
300 |a 628 p 
942 |c BK 
945 |d 20071102 00:00:00  |a rbrito 
260 |a Madrid  |b Trotta  |c 2006 
650 0 |a Fenomenología  |9 256519 
650 0 |a Doctrinas filosóficas   |9 358827 
650 0 |a Religión   |9 255164 
650 0 |a Filosofía de la religión   |9 256017 
650 0 |a Misticismo  |9 265505 
650 7 |a DOCTRINAS RELIGIOSAS  |2 CL-VaPUC  |9 337177 
583 |a last modification  |c 20071102 00:00:00  |k Rodrigo Vera 
490 0 |a Estructuras y Procesos. Serie Religión 
999 |c 327635  |d 327633 
952 |0 0  |1 0  |4 0  |6 200_100000000000000_MAR_2006  |7 0  |8 A  |9 410731  |a BIBEDU  |b BIBEDU  |d 2019-11-22  |i 4384776  |o 200.1 MAR 2006  |p 4384776  |r 2019-11-22  |w 2019-11-22  |y BK  |k FIL